| 000 | 00898nam a2200265Ia 4500 | ||
|---|---|---|---|
| 003 | OSt | ||
| 005 | 20221005094636.0 | ||
| 006 | a|||||r|||| 00| 0 | ||
| 007 | ta | ||
| 008 | 221004b |||||||| |||| 00| 0 eng d | ||
| 020 |
_a0198068336 (hbk) _cINR 650.00 |
||
| 024 | _a44322 | ||
| 037 |
_b3835, 21/02/2019, The Book Seller _cTextual |
||
| 040 |
_aCRL _cCRL _beng |
||
| 041 |
_2eng _aeng |
||
| 082 | _aY15-73(Q7), Q0 | ||
| 100 |
_aLambert - Hurley Siobhan Au. _935904 |
||
| 245 | 0 |
_aAtiya's journeys _b muslim woman from colonial Bombay to edwardian Britain |
|
| 260 |
_aOxford _bOxford University Press UK _c2010 |
||
| 300 |
_axv,307p. _ccm. |
||
| 650 |
_aMUSLIM WOMEN _926390 |
||
| 700 |
_a Sharma Sunil Au. _9554070 |
||
| 942 |
_hY15-73(Q7), Q0 _cTEXL _2cc |
||
| 999 |
_c1002244 _d1002244 |
||